000 00593cam a2200205 4500500
005 20260405000900.0
041 _afre
042 _adc
100 1 0 _aNassif, Philippe
_eauthor
245 0 0 _aHors Humain. Le souffle au cœur
260 _c2010.
500 _a57
690 _aDeleuze
690 _aHors Humain
690 _aNietzsche
690 _aPeter Sloterdijk
690 _aSpinoza
786 0 _nPhilosophie magazine | 37 | 3 | 2010-03-01 | p. 1-1 | 1951-1787
856 4 1 _uhttps://shs.cairn.info/magazine-philosophie-magazine-2010-3-page-1?lang=fr&redirect-ssocas=7080
999 _c2041762
_d2041762